| 000 | 00880nam a2200277 i 4500 | ||
|---|---|---|---|
| 001 | bg | ||
| 100 | 1 |
_aPrus, Bolesław. _d(1847-1912). |
|
| 245 | 1 | 0 |
_aLalka / _cBolesław Prus ; [przypisy Józefa Bachórza]. |
| 260 |
_a[s.l] : _bMediasat Group, _c2005. |
||
| 300 |
_a955, [1] s. ; _c21 cm. |
||
| 490 | 1 |
_aBiblioteka Gazety Wyborczej : XIX wiek ; _v22 |
|
| 500 | _aWyd. we współpr. merytorycznej z Zakładem Narodowym im. Ossolińskich - Wydawnictwo, Wrocław. | ||
| 650 | 9 |
_aPowieść polska _y19 w. |
|
| 700 | 1 |
_aBachórz, Józef. _eOprac. |
|
| 830 | 0 |
_aBiblioteka Gazety Wyborczej ; _v22 |
|
| 020 | _a8498191645 (całość) | ||
| 020 | _a8498191939 | ||
| 040 | _cBPK | ||
| 041 | 0 | _apol | |
| 044 | _aPOL | ||
| 080 | _a821.162.1-3 | ||
| 920 | _a84-9819-164-5 (całość) | ||
| 920 | _a84-9819-193-9 | ||
| 942 | _cKS | ||
| 008 | s pl f |000 0 pol | ||
| 999 |
_c55709 _d55709 |
||
| 856 |
_uhttp://koha.tu.koszalin.pl/cgi-bin/koha/opac-detail.pl?biblionumber=55709 _yKatalog online BPK |
||